| 000 | 00555nam a2200181Ia 4500 | ||
|---|---|---|---|
| 008 | 140626s9999 xx 000 0 und d | ||
| 100 | _aBelei, Nina.. | ||
| 245 | 4 |
_aThe best of both worlds? effects of attribute-induced goal conflict on consumption of healthful indulgences / _cNina Belei ... [et al.]. |
|
| 260 | _cc2012. | ||
| 300 | _a49 : 6, page 900 | ||
| 440 | _aJournal of Marketing Research | ||
| 521 | _aBSBA | ||
| 650 | _aConsumption. | ||
| 650 | _aGoal conflict. | ||
| 650 | _aHealth claims. | ||
| 650 | _aSelf-control. | ||
| 942 | _cSE | ||
| 999 |
_c121073 _d121073 |
||